Štúdium cytotoxicity vybraných nízkomolekulových zmäkčovadiel

Gespeichert in:
Bibliographische Detailangaben
1. Verfasser: Magová, Judita (Verfasst von)
Weitere Verfasser: Vašková, Ida (Betreuung Doktorarbeit)
Format: Manuskript Buch
Sprache:Slowakisch
Veröffentlicht: 2018
Schlagworte:
Online-Zugang:http://is.stuba.sk/zp/portal_zp.pl?podrobnosti=126411
Tags: Tag hinzufügen
Keine Tags, Fügen Sie das erste Tag hinzu!

MARC

LEADER 00000ntm a22000003a 4500
001 stuzp68329
003 SK-STU
005 20180623210616.3
007 ta
008 150427s2015----xo-----f-mn---000-0-slo-d
040 |a STU  |b slo 
041 0 |a slo 
100 1 |a Magová, Judita  |u 049370  |4 aut  |U FCHPT Ústav prírodných a syntetických polymérov  |T FCHPT Oddelenie plastov, kaučuku a vlákien  |X 81820  |U C9370  |Y 128  |7 81820 
242 0 1 |a The Study of Cytotoxicity of Selected Low Molecular Weight Plasticizers  |y eng 
245 1 0 |a Štúdium cytotoxicity vybraných nízkomolekulových zmäkčovadiel 
260 |c 2018 
650 4 |a cytotoxicita  |2 slo 
650 4 |a bunky  |2 slo 
650 4 |a zmäkčovadlo  |2 slo 
650 4 |a cytotoxicity  |2 eng 
650 4 |a cells  |2 eng 
650 4 |a plasticizer  |2 eng 
700 1 |a Vašková, Ida  |u 049370  |k Z1  |4 ths  |U FCHPT Ústav prírodných a syntetických polymérov  |T FCHPT Oddelenie plastov, kaučuku a vlákien  |X 19292  |U C9370  |Y 128  |7 A000019292 
856 4 |u http://is.stuba.sk/zp/portal_zp.pl?podrobnosti=126411